LEADER 01312nam2-2200409li-450 001 990000224090203316 005 20180312154653.0 010 $a0-89573-149-5 035 $a0022409 035 $aUSA010022409 035 $a(ALEPH)000022409USA01 035 $a0022409 100 $a20001109d1987----km-y0itay0103----ba 101 0 $aeng 102 $aUS 200 1 $aPhosphorus-31 NMR spectroscopy in stereochemical analysis$fedited by John G. Verkade, Louis D. Quin 210 $aDeerfield Beach$cVCH$dcopyr. 1987 215 $aXVI, 717 p.$cill.$d24 cm 225 2 $aMethods in stereochemical analysis$v8 410 0$10010022410$12001$aMethods in stereochemical analysis 610 1 $afosforo 610 1 $aspettroscopia a risonanza magnetica nucleare 610 1 $astereochimica 676 $a546712$9. 702 1$aQuin,$bLouis D. 702 1$aVerkade,$bJohn G. 801 $aSistema bibliotecario di Ateneo dell' Universitŕ di Salerno$gRICA 912 $a990000224090203316 951 $a546. 712 6 PHO$b0012787 959 $aBK 969 $aSCI 979 $c19910503 979 $c20001110$lUSA01$h1714 979 $c20020403$lUSA01$h1630 979 $aPATRY$b90$c20040406$lUSA01$h1616 996 $aPhosphorus-31 NMR spectroscopy in stereochemical analysis$91489085 997 $aUNISA LEADER 03735nam 22007815 450 001 9910253972603321 005 20200701073345.0 010 $a3-319-29480-6 024 7 $a10.1007/978-3-319-29480-3 035 $a(CKB)3710000000649162 035 $a(EBL)4513928 035 $a(SSID)ssj0001665823 035 $a(PQKBManifestationID)16454453 035 $a(PQKBTitleCode)TC0001665823 035 $a(PQKBWorkID)15000331 035 $a(PQKB)11654899 035 $a(DE-He213)978-3-319-29480-3 035 $a(MiAaPQ)EBC4513928 035 $a(PPN)193446456 035 $a(EXLCZ)993710000000649162 100 $a20160423d2016 u| 0 101 0 $aeng 135 $aur|n|---||||| 181 $ctxt 182 $cc 183 $acr 200 10$aAdvances in Heat Transfer Enhancement /$fby Sujoy Kumar Saha, Manvendra Tiwari, Bengt Sundén, Zan Wu 205 $a1st ed. 2016. 210 1$aCham :$cSpringer International Publishing :$cImprint: Springer,$d2016. 215 $a1 online resource (128 p.) 300 $aDescription based upon print version of record. 311 $a3-319-29478-4 320 $aIncludes bibliographical references. 327 $aPrinciples of enhanced heat transfer -- The enhancement techniques, commercial applications, potential for -- enhancement, heat transfer fundamentals -- Performance evaluation criteria for single and two-phase heat exchangers -- Plate and fin extended surfaces, externally and internally finned tubes, insert -- devices, integral roughness -- Enhancement of boiling and condensation heat transfer. 330 $aThis Brief addresses the phenomena of heat transfer enhancement. A companion edition in the SpringerBrief Subseries on Thermal Engineering and Applied Science to three other monographs including ?Critical Heat Flux in Flow Boiling in Microchannels,? this volume is idea for professionals, researchers, and graduate students concerned with electronic cooling. 606 $aThermodynamics 606 $aHeat engineering 606 $aHeat$xTransmission 606 $aMass transfer 606 $aFluid mechanics 606 $aAutomotive engineering 606 $aBuilding construction 606 $aEngineering Thermodynamics, Heat and Mass Transfer$3https://scigraph.springernature.com/ontologies/product-market-codes/T14000 606 $aEngineering Fluid Dynamics$3https://scigraph.springernature.com/ontologies/product-market-codes/T15044 606 $aThermodynamics$3https://scigraph.springernature.com/ontologies/product-market-codes/P21050 606 $aAutomotive Engineering$3https://scigraph.springernature.com/ontologies/product-market-codes/T17047 606 $aBuilding Physics, HVAC$3https://scigraph.springernature.com/ontologies/product-market-codes/T23080 615 0$aThermodynamics. 615 0$aHeat engineering. 615 0$aHeat$xTransmission. 615 0$aMass transfer. 615 0$aFluid mechanics. 615 0$aAutomotive engineering. 615 0$aBuilding construction. 615 14$aEngineering Thermodynamics, Heat and Mass Transfer. 615 24$aEngineering Fluid Dynamics. 615 24$aThermodynamics. 615 24$aAutomotive Engineering. 615 24$aBuilding Physics, HVAC. 676 $a620 700 $aSaha$b Sujoy Kumar$4aut$4http://id.loc.gov/vocabulary/relators/aut$0720750 702 $aTiwari$b Manvendra$4aut$4http://id.loc.gov/vocabulary/relators/aut 702 $aSundén$b Bengt$4aut$4http://id.loc.gov/vocabulary/relators/aut 702 $aWu$b Zan$4aut$4http://id.loc.gov/vocabulary/relators/aut 906 $aBOOK 912 $a9910253972603321 996 $aAdvances in Heat Transfer Enhancement$92538864 997 $aUNINA